Sports Quiz

Random Sports or MLB Quiz

Opening Day Lineups: Nationals Quiz Stats

Quiz Updated Apr 2, 2018

Challenge
Share
Tweet
Embed
Score 0/126 Timer 10:00
3 Plays Today
Year Player % Correct
2016Bryce Harper
97.4%
2017Bryce Harper
97.2%
2015Bryce Harper
97.1%
2014Ryan Zimmerman
97%
2015Ryan Zimmerman
97%
2013Ryan Zimmerman
96.9%
2011Ryan Zimmerman
96.9%
2012Ryan Zimmerman
96.9%
2016Ryan Zimmerman
96.7%
2017Ryan Zimmerman
96.5%
2014Bryce Harper
96.4%
2018Ryan Zimmerman
96%
2013Bryce Harper
95.7%
2018Bryce Harper
95.6%
2006Ryan Zimmerman
94.6%
2007Ryan Zimmerman
94.6%
2008Ryan Zimmerman
94.6%
2009Ryan Zimmerman
94.6%
2010Ryan Zimmerman
94.4%
2018Max Scherzer
93%
2014Stephen Strasburg
91.1%
2014Jayson Werth
91%
2013Jayson Werth
90.8%
2013Stephen Strasburg
90.8%
2011Jayson Werth
90.6%
2012Jayson Werth
90.6%
2017Stephen Strasburg
90.5%
2012Stephen Strasburg
90.5%
2016Max Scherzer
90.4%
2016Jayson Werth
90.2%
2015Max Scherzer
89.9%
2017Jayson Werth
89%
2018Anthony Rendon
86.9%
2017Daniel Murphy
83.5%
2013Ian Desmond
83.2%
2014Ian Desmond
83.2%
2012Ian Desmond
83.1%
2011Ian Desmond
83.1%
2015Ian Desmond
81.9%
2018Trea Turner
81.2%
2018Matt Wieters
81.2%
2017Trea Turner
81.1%
Year Player % Correct
2016Anthony Rendon
79.9%
2015Wilson Ramos
79.9%
2016Wilson Ramos
79.6%
2014Wilson Ramos
79.5%
2016Daniel Murphy
79.2%
2011Adam LaRoche
79%
2012Adam LaRoche
79%
2013Adam LaRoche
78.5%
2013Wilson Ramos
77.9%
2014Adam LaRoche
77.4%
2014Denard Span
77.3%
2012Wilson Ramos
77%
2013Denard Span
76.7%
2009Adam Dunn
76.3%
2014Anthony Rendon
76.2%
2010Adam Dunn
76.1%
2017Matt Wieters
74.2%
2018Michael Taylor
73.5%
2018Adam Eaton
72.5%
2013Danny Espinosa
70.2%
2011Danny Espinosa
70.1%
2012Danny Espinosa
70.1%
2016Danny Espinosa
68.6%
2011Livan Hernandez
68.4%
2005Livan Hernandez
66.8%
2006Livan Hernandez
66.8%
2017Adam Eaton
66.8%
2010Ivan Rodriguez
65%
2005Nick Johnson
63.8%
2006Nick Johnson
63.8%
2008Nick Johnson
63.8%
2009Nick Johnson
63.8%
2015Michael A. Taylor
61.2%
2010Ian Desmond
59%
2011Ivan Rodriguez
58%
2006Alfonso Soriano
57.6%
2010Nyjer Morgan
56.9%
2016Ben Revere
55.8%
2005Cristian Guzman
55.4%
2007Cristian Guzman
55.4%
2008Cristian Guzman
55.4%
2009Cristian Guzman
55.4%
Year Player % Correct
2005Jose Vidro
50.1%
2006Jose Vidro
50.1%
2017Stephen Drew
46.8%
2018Howie Kendrick
45.6%
2009John Lannan
45.4%
2010John Lannan
45.3%
2015Yunel Escobar
44.5%
2011Mike Morse
41.6%
2005Brian Schneider
41.2%
2006Brian Schneider
41.2%
2007Brian Schneider
41.2%
2015Dan Uggla
39.4%
2007Dmitri Young
38.3%
2008Lastings Milledge
37.4%
2009Lastings Milledge
37.4%
2010Josh Willingham
36.4%
2007Austin Kearns
35.7%
2008Austin Kearns
35.7%
2009Austin Kearns
35.7%
2012Roger Bernadina
33.2%
2005Brad Wilkerson
32.5%
2007Felipe Lopez
30.9%
2005Jose Guillen
29.4%
2006Jose Guillen
29.4%
2015Tyler Moore
29.2%
2007Ryan Church
27.4%
2009Jesus Flores
27.3%
2011Rick Ankiel
27.1%
2008Elijah Dukes
26.8%
2005Vinny Castilla
26%
2010Adam Kennedy
25.7%
2010Willie Harris
25.3%
2008Ron Belliard
24.4%
2009Ron Belliard
24.4%
2008Paul LoDuca
23.5%
2008Odalis Perez
23.4%
2007John Patterson
22.1%
2012Mark DeRosa
20.6%
2005Terrmel Sledge
17.2%
2007Nook Logan
15.8%
2006Royce Clayton
14.9%
2006Brandon Watson
10.8%

You're not logged in!

Compare scores with friends on all Sporcle quizzes.
Sign Up with Email
OR
Log In

You Might Also Like...

Show Comments

Extras

Top Quizzes Today


Score Distribution

Your Account Isn't Verified!

In order to create a playlist on Sporcle, you need to verify the email address you used during registration. Go to your Sporcle Settings to finish the process.

Report this User

Report this user for behavior that violates our Community Guidelines.

Details: